[Event "SVK-ch U12"]
[Site "Liptovsky Mikulas"]
[Date "2016.04.21"]
[Round "7"]
[White "Hadzala, Jan"]
[Black "Weis, Jakub"]
[Result "0-1"]
[WhiteElo "1000"]
[BlackElo "1163"]
[PlyCount "88"]
[EventDate "2016.04.16"]
[EventType "swiss"]
[EventRounds "9"]
[EventCountry "SVK"]
[SourceTitle "CBM 172 Extra"]
[Source "ChessBase"]
[SourceDate "2016.06.21"]
[SourceVersion "1"]
[SourceVersionDate "2016.06.21"]
[SourceQuality "1"]

1. e4 c5 2. d4 cxd4 3. Qxd4 Nc6 4. Qd5 Nf6 5. Qb3 g6 6. Bc4 e6 7. Bg5 Bg7 8. Qc3 d6 9. Bb5 Bd7 10. Na3 a6 11. Bxc6 Bxc6 12. 0-0-0 0-0 13. Nc4 Nxe4 14. Bxd8 Nxc3 15. bxc3 Bxg2 16. Ne2 Bxh1 17. Rxh1 Raxd8 18. Rd1 d5 19. Nb6 Rd6 20. Na4 Rc8 21. Kd2 Bh6+ 22. Ke1 Rc4 23. Nb2 Rh4 24. c4 Rxh2 25. cxd5 Rh1+ 26. Ng1 Rxg1+ 27. Ke2 Rxd1 28. Nxd1 Rxd5 29. Nc3 Rd2+ 30. Kf3 Rxc2 31. Ne4 Rxa2 32. Nf6+ Kg7 33. Ng4 b5 34. Ne5 b4 35. Nc4 b3 36. Ne3 b2 37. Nd1 b1Q 38. Nc3 Qf5+ 39. Kg3 Qxf2+ 40. Kh3 Ra3 41. Kg4 Qf4+ 42. Kh3 Rxc3+ 43. Kg2 Qd2+ 44. Kg1 Rc1# 0-1

[Event "SVK-ch U12"]
[Site "Liptovsky Mikulas"]
[Date "2016.04.19"]
[Round "5"]
[White "Caban, Michal"]
[Black "Weis, Jakub"]
[Result "1-0"]
[WhiteElo "1314"]
[BlackElo "1163"]
[PlyCount "91"]
[EventDate "2016.04.16"]
[EventType "swiss"]
[EventRounds "9"]
[EventCountry "SVK"]
[SourceTitle "CBM 172 Extra"]
[Source "ChessBase"]
[SourceDate "2016.06.21"]
[SourceVersion "1"]
[SourceVersionDate "2016.06.21"]
[SourceQuality "1"]

1. e4 c5 2. Nf3 g6 3. d4 cxd4 4. Nxd4 Bg7 5. Be3 Nc6 6. Nc3 Nf6 7. Be2 0-0 8. 0-0 d6 9. Bc4 e5 10. Nf3 Bd7 11. Qxd6 Ne8 12. Qd2 Bg4 13. Qxd8 Rxd8 14. Rad1 Nf6 15. Bg5 Nd4 16. Nd5 Rd6 17. Nxf6+ Bxf6 18. Bxf6 Rxf6 19. Rd3 Nxf3+ 20. gxf3 Bxf3 21. Re1 Rf4 22. h3 Bxe4 23. Rc3 Rd8 24. Re2 Rd1+ 25. Kh2 Rh1+ 26. Kg3 Rg1+ 27. Kh2 Rg2+ 28. Kh1 Rgxf2+ 29. Kg1 Rf1+ 30. Kh2 h5 31. Rd2 h4 32. Bxf1 Rxf1 33. Rg2 Bxg2 34. Kxg2 f5 35. Rc8+ Kf7 36. Kxf1 e4 37. Rc7+ Kf6 38. Rxb7 f4 39. Rxa7 e3 40. Ra6+ Kf5 41. Ke2 g5 42. Ra5+ Ke4 43. Ra4+ Kf5 44. Kf3 Ke5 45. Ra5+ Kd4 46. Rxg5 1-0

[Event "SVK-ch U12"]
[Site "Liptovsky Mikulas"]
[Date "2016.04.18"]
[Round "4"]
[White "Weis, Jakub"]
[Black "Marko, Maxim"]
[Result "0-1"]
[WhiteElo "1163"]
[BlackElo "1503"]
[PlyCount "54"]
[EventDate "2016.04.16"]
[EventType "swiss"]
[EventRounds "9"]
[EventCountry "SVK"]
[SourceTitle "CBM 172 Extra"]
[Source "ChessBase"]
[SourceDate "2016.06.21"]
[SourceVersion "1"]
[SourceVersionDate "2016.06.21"]
[SourceQuality "1"]

1. e4 c5 2. Nf3 Nc6 3. d4 cxd4 4. Nxd4 g6 5. Nc3 Bg7 6. Be3 Nf6 7. Qd2 0-0 8. 0-0-0 a6 9. Bc4 Ng4 10. Nce2 Nxe3 11. Qxe3 Nxd4 12. Nxd4 Qb6 13. g4 d6 14. h3 Bd7 15. c3 Rac8 16. Bb3 Rc7 17. Kb1 a5 18. Rdg1 a4 19. Bc2 Rfc8 20. Ne2 Rc5 21. h4 Bb5 22. Bd3 Bxd3+ 23. Qxd3 Bxc3 24. Nxc3 Rxc3 25. Qd2 a3 26. b3 Qb4 27. Qh6 Rxb3+ 0-1

[Event "SVK-ch U12"]
[Site "Liptovsky Mikulas"]
[Date "2016.04.16"]
[Round "1"]
[White "Jencopala, Alexander"]
[Black "Weis, Jakub"]
[Result "1-0"]
[WhiteElo "1559"]
[BlackElo "1163"]
[PlyCount "79"]
[EventDate "2016.04.16"]
[EventType "swiss"]
[EventRounds "9"]
[EventCountry "SVK"]
[SourceTitle "CBM 172 Extra"]
[Source "ChessBase"]
[SourceDate "2016.06.21"]
[SourceVersion "1"]
[SourceVersionDate "2016.06.21"]
[SourceQuality "1"]

1. e4 c5 2. Nf3 d6 3. d4 cxd4 4. Nxd4 g6 5. Nc3 Bg7 6. Be3 Nf6 7. Be2 0-0 8. 0-0 Bd7 9. Qd2 Nc6 10. Nf3 Re8 11. h3 a6 12. Bh6 Qc7 13. Bxg7 Kxg7 14. Bd3 e6 15. Rfe1 d5 16. e5 Ng8 17. Qf4 f5 18. h4 Nh6 19. h5 Ng4 20. Rab1 Qb6 21. Nd1 Nb4 22. Ne3 Nxe3 23. fxe3 Nxa2 24. Qg5 Rf8 25. Nh4 Be8 26. h6+ Kg8 27. Rf1 Qd8 28. Qg3 Kh8 29. c3 Qb6 30. Qg5 Rf7 31. Bxf5 exf5 32. g4 Qd8 33. Nxg6+ hxg6 34. Qxg6 Rh7 35. Qxf5 Bb5 36. Rf2 Bd7 37. e6 Bb5 38. Qe5+ Kg8 39. g5 Qe8 40. Qxd5 1-0

[Event "SVK-ch U12"]
[Site "Tatralandia"]
[Date "2015.04.23"]
[Round "7"]
[White "Weis, Jakub"]
[Black "Schmidt, Peter"]
[Result "1/2-1/2"]
[WhiteElo "1173"]
[BlackElo "1000"]
[PlyCount "84"]
[EventDate "2015.04.18"]
[EventType "swiss"]
[EventRounds "9"]
[EventCountry "SVK"]
[SourceTitle "CBM 166 Extra"]
[Source "ChessBase"]
[SourceDate "2015.06.18"]
[SourceVersion "1"]
[SourceVersionDate "2015.06.18"]
[SourceQuality "1"]

1. e4 e5 2. Nf3 Nc6 3. Bc4 Bc5 4. 0-0 Nf6 5. Nc3 0-0 6. d3 h6 7. Be3 Bxe3 8. fxe3 d6 9. h3 a6 10. d4 exd4 11. exd4 b5 12. Bb3 Na5 13. Rf2 Nxb3 14. axb3 Nh5 15. Nd2 Qg5 16. Qf3 c6 17. g4 Nf6 18. Qf4 Qg6 19. Qxd6 Bxg4 20. Qg3 Qh5 21. hxg4 Nxg4 22. Rg2 c5 23. Qxg4 Qxg4 24. Rxg4 cxd4 25. Ne2 Rad8 26. Rxa6 d3 27. cxd3 Rxd3 28. Nf1 Rxb3 29. Nf4 Rxb2 30. Nh5 g5 31. Rxh6 f6 32. e5 Kf7 33. Rxf6+ Ke8 34. Rxf8+ Kxf8 35. Rxg5 b4 36. Rf5+ Ke7 37. Ng7 Re2 38. e6 b3 39. Rf7+ Kd8 40. Rb7 b2 41. Rd7+ Kc8 42. Rd1 Re4 1/2-1/2

[Event "SVK-ch U12"]
[Site "Tatralandia"]
[Date "2015.04.20"]
[Round "3"]
[White "Weis, Jakub"]
[Black "Sadiku, Matus"]
[Result "0-1"]
[WhiteElo "1173"]
[BlackElo "1109"]
[PlyCount "96"]
[EventDate "2015.04.18"]
[EventType "swiss"]
[EventRounds "9"]
[EventCountry "SVK"]
[SourceTitle "CBM 166 Extra"]
[Source "ChessBase"]
[SourceDate "2015.06.18"]
[SourceVersion "1"]
[SourceVersionDate "2015.06.18"]
[SourceQuality "1"]

1. e4 c5 2. c3 d6 3. d4 cxd4 4. cxd4 Nf6 5. Nc3 g6 6. Nf3 Bg7 7. Be3 0-0 8. Qd2 Ng4 9. h3 Nxe3 10. Qxe3 Nc6 11. Rc1 e5 12. d5 Nd4 13. Nb5 Nxf3+ 14. Qxf3 a6 15. Na3 Bd7 16. Bd3 Qa5+ 17. Ke2 Bh6 18. Rc4 b5 19. Rc2 f5 20. exf5 Bxf5 21. Bxf5 Rxf5 22. Qb3 Raf8 23. Rf1 Qb6 24. Ke1 Qa5+ 25. Kd1 b4 26. Nc4 Qxd5+ 27. Ke1 Kh8 28. Qxb4 Qe4+ 29. Kd1 Qxg2 30. Ke1 Rf4 31. Qxd6 Re4+ 32. Re2 Rxe2+ 33. Kxe2 Qe4+ 34. Kd1 Qxc4 35. Qxe5+ Bg7 36. Qe2 Qxe2+ 37. Kxe2 Bxb2 38. Kd2 Bd4 39. Kd3 Rxf2 40. Rxf2 Bxf2 41. Kc4 a5 42. Kd3 Be1 43. Ke3 Kg7 44. Kf4 h6 45. Kg4 h5+ 46. Kg5 Bd2+ 47. Kh4 Kf6 48. a4 Be1# 0-1

[Event "SVK-ch U12"]
[Site "Tatralandia"]
[Date "2015.04.19"]
[Round "2"]
[White "Sivicek, Filip"]
[Black "Weis, Jakub"]
[Result "1-0"]
[WhiteElo "1000"]
[BlackElo "1173"]
[PlyCount "105"]
[EventDate "2015.04.18"]
[EventType "swiss"]
[EventRounds "9"]
[EventCountry "SVK"]
[SourceTitle "CBM 166 Extra"]
[Source "ChessBase"]
[SourceDate "2015.06.18"]
[SourceVersion "1"]
[SourceVersionDate "2015.06.18"]
[SourceQuality "1"]

1. d4 d5 2. c4 e6 3. c5 Nc6 4. Nf3 Nf6 5. e3 Bd7 6. Be2 b6 7. cxb6 axb6 8. Nc3 Bb4 9. 0-0 0-0 10. Bd2 Ne4 11. Nxe4 dxe4 12. Ne5 Bxd2 13. Nxc6 Bxc6 14. Qxd2 Qg5 15. Qc2 Qd5 16. f3 f5 17. Rfc1 Bb5 18. Bxb5 Qxb5 19. Qxc7 Qe2 20. f4 Rf6 21. Qc2 Qxe3+ 22. Qf2 Qxf2+ 23. Kxf2 Rh6 24. h3 Rd8 25. Rc4 b5 26. Rb4 Rg6 27. Rd1 Rd5 28. a4 bxa4 29. Rxa4 Rd8 30. b4 Rc8 31. Rd2 Rc3 32. Rb2 Rcg3 33. Kg1 Rxh3 34. b5 Rd3 35. Rab4 e3 36. Kf1 Rd2 37. Rxd2 exd2 38. Ke2 Rxg2+ 39. Kd1 h5 40. b6 h4 41. b7 Kh7 42. b8Q h3 43. Rb3 Rg1+ 44. Kxd2 Rg2+ 45. Ke1 h2 46. Rh3+ Kg6 47. Qa8 Rg1+ 48. Kf2 Rg4 49. Rg3 Kh5 50. Rxg4 Kxg4 51. Qf3+ Kh4 52. Qg3+ Kh5 53. Qg5# 1-0

[Event "SVK-ch U12"]
[Site "Tatralandia"]
[Date "2015.04.18"]
[Round "1"]
[White "Weis, Jakub"]
[Black "Gzib, David"]
[Result "0-1"]
[WhiteElo "1173"]
[BlackElo "1601"]
[PlyCount "66"]
[EventDate "2015.04.18"]
[EventType "swiss"]
[EventRounds "9"]
[EventCountry "SVK"]
[SourceTitle "CBM 166 Extra"]
[Source "ChessBase"]
[SourceDate "2015.06.18"]
[SourceVersion "1"]
[SourceVersionDate "2015.06.18"]
[SourceQuality "1"]

1. e4 e5 2. Nf3 Nc6 3. Nc3 Nf6 4. Bb5 Bb4 5. d3 d6 6. Bd2 0-0 7. 0-0 Bg4 8. h3 Bh5 9. a3 Bxf3 10. Qxf3 Nd4 11. Qd1 Bxc3 12. bxc3 Nxb5 13. a4 Nxc3 14. Bxc3 Qd7 15. a5 b6 16. axb6 cxb6 17. Re1 a5 18. d4 Qc6 19. Qd3 Rfc8 20. Ra3 exd4 21. Qxd4 Qc5 22. Qxc5 Rxc5 23. Rb1 Nxe4 24. Bd4 Rxc2 25. Rxb6 h6 26. f3 Nd2 27. Rxd6 Nc4 28. Bc5 Nxd6 29. Bxd6 a4 30. g4 Rb2 31. h4 Rb3 32. Rxb3 axb3 33. Be5 Ra2 0-1